000 00297nam a22001337a 4500
008 181023b xxu||||| |||| 00| 0 eng d
020 _ax000vzrxx7
041 _aeng
080 _210th
_a338
100 _a53
101 _aMEN
245 _aNew Products Managament
_cCrawford,M
942 _2udc
_cBK
999 _c50658
_d50658